Las voces de la reconciliación
Gorde:
| Egile Nagusiak: | , , |
|---|---|
| Formatua: | Liburua |
| Hizkuntza: | gaztelania |
| Argitaratua: |
Santiago
Instituto de Estudios de la Sociedad
2013
|
| Edizioa: | 1a. ed |
| Gaiak: | |
| Etiketak: |
Etiketa erantsi
Etiketarik gabe, Izan zaitez lehena erregistro honi etiketa jartzen!
|
MARC
| LEADER | 00000cam a2200000 a 4500 | ||
|---|---|---|---|
| 001 | UCF8530 | ||
| 003 | CL-VaPUC | ||
| 008 | 130906e20130800cl |||||||||||||||||spa|d | ||
| 020 | |a 9789568639198 | ||
| 082 | 0 | 4 | |a 983.066 |b LAR |2 21 |
| 100 | |a Larraín Fernández, Hernán |e author |9 570624 | ||
| 700 | |a Núñez Muñoz, Ricardo |e author |9 570625 | ||
| 700 | 0 | |a Castillo Vial, Joaquín |e author |9 570626 | |
| 245 | 1 | 4 | |a Las voces de la reconciliación |
| 250 | |a 1a. ed | ||
| 300 | |a 351 p | ||
| 942 | |c BK | ||
| 945 | |d 20130906 13:01:00 |a dcastane | ||
| 260 | |a Santiago |b Instituto de Estudios de la Sociedad |c 2013 | ||
| 650 | 0 | |a Historia de Chile siglo 20 |9 268145 | |
| 650 | 0 | |a Reconciliación |9 333649 | |
| 650 | 0 | |a Política |9 255312 | |
| 583 | |a last modification |c 20130906 13:01:00 |k Rodrigo Vera | ||
| 999 | |c 353101 |d 353099 | ||
| 952 | |0 0 |1 0 |3 erb |4 0 |6 983_066000000000000_LAR_2013 |7 0 |8 A |9 458019 |a BIBHIS |b BIBEDU |d 2019-11-23 |i 5006481 |l 1 |o 983.066 LAR 2013 |p 5006481 |r 2025-01-20 |s 2021-08-31 |w 2019-11-23 |y BK |z Catalogado en:20130906 |k HIS | ||